000 00753nam a2200205Ii 4500
003 JO-AjNU
008 230605s9999||||xx |||||||||||||| ||und||
040 _aJO-AjNU
_bara
_erda
_cJO-AjNU
041 _aara
050 1 4 _aTX601 2001
100 3 _aجعفر، حسن محمد,
_eauthor
_918852
245 0 0 _aحفظ الاغذية بالتجفيف =FOOD PRESERVATION BY Dehydration
264 3 1 _aالاسكندرية: مكتبة المعارف، 2001
300 _a144ص
_bجداول توضيحية
336 _atext
_btxt
_2rdacontent
337 _aunmediated
_bn
_2rdamedia
338 _avolume
_bnc
_2rdacarrier
490 0 _aساسلة علوم وتقنية(تكنواوجيا) الاغذية
650 4 _aحفظ الاغذية-تجفيف
_918853
999 _aA6107
_c9675
_d9675